000 01251cad a22002415a 4500
001 L142623
008 070808s2007 xxkd f s 000 0 eng d
035 _a(Sirsi) u142623
041 0 _aeng
050 0 4 _a332.6324 $2 18
110 2 _aLambert Smith Hampton
_92865
245 0 0 _aUKIT activity survey
_bthird quarter 2007
_h[electronic resource]
260 _aLondon
_bLSH
_c2007
490 0 _aUKIT Activity Survey
_vThird Quarter 2007
520 _aReports that the 2007 financial crisis has led to lower activity levels which are down on 2006. Finds that there was less competition for deals due to many UK institutional investors withdrawing from the market. As a result, the average transaction on yields has risen. Property companies are active in the market again. Reports both office and industrial markets rose by approximately 50 basis points.
590 _aKA
650 2 4 _aLAMBERT SMITH HAMPTON UKIT ACTIVITY SURVEY
651 4 _aUnited Kingdom
_y
690 _aPROPERTY-COMMERCIAL PROPERTY-COMMERCIAL PROPERTY FINANCE AND INVESTMENT
690 _aPROPERTY-COMMERCIAL PROPERTY-COMMERCIAL PROPERTY MARKET
856 4 0 _uhttps://www.lsh.co.uk/
_zView the item free of charge (requires registration) at www.lsh.co.uk...
942 _n0
999 _c107925
_d107925